000 00625nam a22002297a 4500
003 UA-OsUOA
001 833
007 ta
008 20050706b un ||||| |||| 00| 0 ukr d
100 _aСавченко С. В.
090 _a82(091)(100)
_bС13
942 _cBK
040 _aUA-OsUOA
_bukr
_cUA-OsUOA
_dUA-OsUOA
245 _aЗ історії зарубіжних літератур
300 _a215 с.
955 _a0
041 _aukr
080 _a82(091)(100)
260 _aК.
_bВища школа
_c1975
650 7 _a82 Література. Літературознавство
_2UDC
999 _c287004
_d287004